000 00732nam a2200289Ia 4500
005 20260324135347.0
008 008 260324s9999 xx 000 0 eng d
020 _a9781315183480
037 _aEBOOK
040 _aCRL
040 _beng
040 _cCRL
041 _2eng
041 _aeng
084 _qCRL
100 _aBoel Berner; Per Trulsson
_91200311
245 0 _aManoeuvring in an Environment of Uncertainty
245 0 _bStructural Change and Social Action in Sub-Saharan Africa
260 _bTaylor and Francis
260 _c2000
365 _a
365 _b205
856 _uhttp://www.taylorfrancis.com/books/9781315183480
942 _cEBOOK
999 _c1801293
_d1801293